[Event "Madrid 2019-2020 ch - Previa A"]
[Site "Madrid ESP"]
[Date "2020.02.12"]
[Round "6.18"]
[White "Viñas Lopez, Carlos"]
[Black "Gortazar Rubial, Javier Maria"]
[Result "1-0"]
[WhiteElo "1876"]
[BlackElo "1633"]
[PlyCount "105"]
[EventDate "2020.02.03"]
[EventType "swiss"]
[EventRounds "9"]
[EventCountry "ESP"]
[SourceTitle "Ajedrez en Madrid"]
[Source "lmi"]
[SourceDate "2020.02.03"]
[SourceVersion "1"]
[SourceVersionDate "2020.02.27"]
[SourceQuality "1"]

1. d4 d5 2. Bf4 Nf6 3. e3 e6 4. Nd2 c5 5. c3 Nc6 6. Ngf3 Bd6 7. Bg3 O-O 8. Bd3
b6 9. Ne5 Bb7 10. O-O Ne7 11. f4 Nf5 12. Bf2 Be7 13. g4 Nd6 14. Bh4 Nfe4 15.
Bxe7 Qxe7 16. Nxe4 Nxe4 17. Qe2 f6 18. Nf3 Rac8 19. Rad1 Rfd8 20. Qg2 Rc7 21.
a3 a5 22. Nd2 Nxd2 23. Rxd2 e5 24. fxe5 fxe5 25. Rdf2 e4 26. Be2 Qg5 27. Qg3
Rcc8 28. Rf7 Ba8 29. R1f5 Qg6 30. Qf4 Qe6 31. Kf2 Qd6 32. Qxd6 Rxd6 33. dxc5
bxc5 34. Ra7 Rf6 35. Rxf6 gxf6 36. Rxa5 Kf7 37. Kg3 c4 38. Rb5 Bc6 39. Rb6 Kg6
40. Kf4 h6 41. h4 Kf7 42. Ra6 Rc7 43. Bd1 Ke7 44. Ba4 Bb7 45. Ra7 Kf7 46. Bb5
Re7 47. a4 Ke6 48. Ba6 Bxa6 49. Rxa6+ Kf7 50. a5 Kg7 51. Rb6 h5 52. a6 Kg6 53.
g5 1-0

[Event "Madrid 2019-2020 ch - Previa A"]
[Site "Madrid ESP"]
[Date "2020.02.12"]
[Round "6.19"]
[White "Lopez Guitian, Juan J."]
[Black "Garcia Diez, Mariano"]
[Result "0-1"]
[WhiteElo "1497"]
[BlackElo "1804"]
[PlyCount "54"]
[EventDate "2020.02.03"]
[EventType "swiss"]
[EventRounds "9"]
[EventCountry "ESP"]
[SourceTitle "Ajedrez en Madrid"]
[Source "lmi"]
[SourceDate "2020.02.03"]
[SourceVersion "1"]
[SourceVersionDate "2020.02.27"]
[SourceQuality "1"]

1. c4 f5 2. Nc3 Nf6 3. g3 e5 4. Bg2 Be7 5. d3 c6 6. Nf3 d6 7. O-O O-O 8. Qc2 h6
9. h4 Be6 10. Bd2 Nbd7 11. Nh2 Rc8 12. Be3 d5 13. cxd5 cxd5 14. d4 e4 15. Qd2
Nb6 16. Bf4 Nc4 17. Qc2 Nh5 18. Bc1 Qd7 19. e3 g5 20. Qe2 Qe8 21. g4 fxg4 22.
Nxg4 gxh4 23. Nxh6+ Kh7 24. Ng4 Qg6 25. f3 Ng3 26. Qe1 Nxf1 27. b3 exf3 0-1

[Event "Madrid 2019-2020 ch - Previa A"]
[Site "Madrid ESP"]
[Date "2020.02.12"]
[Round "6.20"]
[White "Lizon Martinez, Santiago"]
[Black "Del Castillo Izquierdo, Jose"]
[Result "0-1"]
[WhiteElo "1738"]
[BlackElo "1602"]
[PlyCount "54"]
[EventDate "2020.02.03"]
[EventType "swiss"]
[EventRounds "9"]
[EventCountry "ESP"]
[SourceTitle "Ajedrez en Madrid"]
[Source "lmi"]
[SourceDate "2020.02.03"]
[SourceVersion "1"]
[SourceVersionDate "2020.02.27"]
[SourceQuality "1"]

1. e4 e5 2. Nf3 Nc6 3. Bb5 Nf6 4. d3 Bc5 5. O-O d6 6. c3 a6 7. Ba4 O-O 8. h3
Ne7 9. d4 exd4 10. cxd4 Ba7 11. Nc3 b5 12. Bc2 Bb7 13. a3 Ng6 14. Be3 Re8 15.
Nd2 Qe7 16. Qe2 c6 17. Rfe1 c5 18. d5 b4 19. axb4 cxb4 20. Na4 a5 21. Bxa7 Rxa7
22. Bd3 Nf4 23. Qe3 N6xd5 24. Qxa7 Nxd3 25. Rad1 N5f4 26. Qe3 Qg5 27. Qf3 Ne5
0-1

[Event "Madrid 2019-2020 ch - Previa A"]
[Site "Madrid ESP"]
[Date "2020.02.12"]
[Round "6.21"]
[White "Lopez Orellana, Federico"]
[Black "Alises Fontecha, Juan"]
[Result "1/2-1/2"]
[WhiteElo "1705"]
[BlackElo "1586"]
[PlyCount "129"]
[EventDate "2020.02.03"]
[EventType "swiss"]
[EventRounds "9"]
[EventCountry "ESP"]
[SourceTitle "Ajedrez en Madrid"]
[Source "lmi"]
[SourceDate "2020.02.03"]
[SourceVersion "1"]
[SourceVersionDate "2020.02.27"]
[SourceQuality "1"]

1. d4 d5 2. Nc3 Nf6 3. Bf4 c6 4. e3 Bf5 5. f3 e6 6. g4 Bg6 7. Nge2 Bd6 8. h4 h6
9. Qd2 Qc7 10. Bxd6 Qxd6 11. Nf4 Nbd7 12. O-O-O O-O-O 13. Nxg6 fxg6 14. Bd3 e5
15. Bxg6 Nxg4 16. Bf5 Ngf6 17. Rhg1 Rhg8 18. Rg2 Kb8 19. Rdg1 Qe7 20. Qd3 exd4
21. exd4 Qd6 22. Ne2 Rde8 23. Bh3 Re7 24. Ng3 Qf4+ 25. Qd2 Qxf3 26. Nf5 Re4 27.
Rg3 Qh5 28. Nxg7 Qxh4 29. Qg2 Qf4+ 30. Qd2 Qxd2+ 31. Kxd2 Rxd4+ 32. Kc1 Rf4 33.
Rg6 Ne5 34. Rxh6 Ne8 35. Re6 Nf3 36. Rg3 Nxg7 37. Reg6 Rgf8 38. Rxg7 Nd4 39.
Re3 Nf5 40. Bxf5 R4xf5 41. b3 R5f7 42. Rg6 Kc7 43. Kb2 Rf6 44. Rg7+ R8f7 45.
Rg8 a6 46. a4 Kd7 47. Rb8 Kd6 48. Rd8+ Rd7 49. Rde8 Rg7 50. Rd8+ Kc7 51. Ree8
Rf2 52. a5 Rgg2 53. Rc8+ Kd6 54. b4 Rxc2+ 55. Kb3 Rb2+ 56. Ka3 Ra2+ 57. Kb3
Rgb2+ 58. Kc3 d4+ 59. Kc4 Rc2+ 60. Kxd4 Rd2+ 61. Kc4 Rac2+ 62. Kb3 Rb2+ 63. Ka3
Ra2+ 64. Kb3 Rab2+ 65. Ka3 1/2-1/2

[Event "Madrid 2019-2020 ch - Previa A"]
[Site "Madrid ESP"]
[Date "2020.02.12"]
[Round "6.22"]
[White "De Diego Ferrer, Emilio"]
[Black "Castro Uceda, Jose Antonio"]
[Result "1-0"]
[WhiteElo "1883"]
[BlackElo "1607"]
[PlyCount "81"]
[EventDate "2020.02.03"]
[EventType "swiss"]
[EventRounds "9"]
[EventCountry "ESP"]
[SourceTitle "Ajedrez en Madrid"]
[Source "lmi"]
[SourceDate "2020.02.03"]
[SourceVersion "1"]
[SourceVersionDate "2020.02.27"]
[SourceQuality "1"]

1. c4 e5 2. Nc3 Nf6 3. e4 Nc6 4. g3 Bc5 5. h3 d6 6. Bg2 O-O 7. d3 a6 8. Nge2
Bd7 9. O-O Qc8 10. Kh2 Kh8 11. f4 exf4 12. gxf4 Nd4 13. Nxd4 Bxd4 14. Ne2 c5
15. Nxd4 cxd4 16. b4 Qc7 17. f5 Rfe8 18. Bf4 Qb6 19. Bg5 Bc6 20. Rb1 Nd7 21. a4
Ne5 22. f6 g6 23. Bh6 Qd8 24. b5 axb5 25. axb5 Bd7 26. Bg7+ Kg8 27. Qd2 Bc8 28.
Qh6 Re6 29. Rf4 g5 30. Qxg5 Ng6 31. Rf2 Ra3 32. Rd1 Re5 33. Qh6 Bd7 34. Bf3 Qa8
35. h4 Ra2 36. Rdf1 Rxf2+ 37. Rxf2 Qc8 38. Kg3 Nf8 39. Rg2 Bh3 40. Bxf8 Qxf8
41. Kxh3+ 1-0

[Event "Madrid 2019-2020 ch - Previa A"]
[Site "Madrid ESP"]
[Date "2020.02.12"]
[Round "6.23"]
[White "Martin Rodriguez, Anastasio"]
[Black "Barahona Torrijos, Angel"]
[Result "0-1"]
[WhiteElo "1607"]
[BlackElo "1827"]
[PlyCount "68"]
[EventDate "2020.02.03"]
[EventType "swiss"]
[EventRounds "9"]
[EventCountry "ESP"]
[SourceTitle "Ajedrez en Madrid"]
[Source "lmi"]
[SourceDate "2020.02.03"]
[SourceVersion "1"]
[SourceVersionDate "2020.02.27"]
[SourceQuality "1"]

1. b3 e5 2. Bb2 Nc6 3. e3 d5 4. Bb5 Bd6 5. Nf3 Qe7 6. O-O Bd7 7. c4 dxc4 8.
bxc4 Nf6 9. d4 e4 10. d5 exf3 11. dxc6 bxc6 12. Qxf3 O-O 13. Bxf6 gxf6 14. Bxc6
Qe5 15. g3 Bxc6 16. Qg4+ Qg5 17. Qxg5+ fxg5 18. Nc3 Be5 19. Rac1 Rfd8 20. Nb5
Rd2 21. Rfd1 Rxa2 22. Nd4 Bxd4 23. exd4 Re8 24. d5 Bd7 25. Kg2 Ree2 26. Rf1 a5
27. Rce1 a4 28. Rb1 Rab2 29. c5 a3 30. c6 Bf5 31. d6 cxd6 32. c7 a2 33. Ra1
Rec2 34. Rac1 Rxc1 0-1

[Event "Madrid 2019-2020 ch - Previa A"]
[Site "Madrid ESP"]
[Date "2020.02.12"]
[Round "6.24"]
[White "Martin Vazquez, Jose Luis"]
[Black "Rodriguez Bachiller, Luis"]
[Result "1-0"]
[WhiteElo "1789"]
[BlackElo "1536"]
[PlyCount "83"]
[EventDate "2020.02.03"]
[EventType "swiss"]
[EventRounds "9"]
[EventCountry "ESP"]
[SourceTitle "Ajedrez en Madrid"]
[Source "lmi"]
[SourceDate "2020.02.03"]
[SourceVersion "1"]
[SourceVersionDate "2020.02.27"]
[SourceQuality "1"]

1. e4 c6 2. d4 d5 3. e5 Bf5 4. h4 h6 5. g4 Be4 6. f3 Bg6 7. h5 Bh7 8. e6 fxe6
9. Bd3 Bxd3 10. Qxd3 Qd6 11. f4 Nf6 12. Nf3 Ne4 13. Nc3 Qb4 14. a3 Qa5 15. b4
Qa6 16. Nxe4 Qxd3 17. cxd3 dxe4 18. dxe4 Nd7 19. g5 O-O-O 20. Bb2 Rg8 21. Nh4
Nb6 22. Rc1 Kb8 23. Rg1 hxg5 24. Rxg5 Nd7 25. e5 Nb6 26. Ng6 Nd5 27. Ke2 a6 28.
Kf3 Re8 29. Rcg1 b5 30. Bc1 Kc7 31. Nxf8 Rexf8 32. Rxg7 Rh8 33. R1g5 Kd7 34.
R7g6 Nc7 35. h6 Rf5 36. Kg4 Rxg5+ 37. Kxg5 Ne8 38. f5 Nc7 39. f6 Ke8 40. Rg7
Nd5 41. f7+ Kf8 42. Kg6 1-0

[Event "Madrid 2019-2020 ch - Previa A"]
[Site "Madrid ESP"]
[Date "2020.02.12"]
[Round "6.25"]
[White "Hernandez Gutierrez, Jose"]
[Black "Gonzalez Recas, Fernando"]
[Result "1-0"]
[WhiteElo "1784"]
[BlackElo "1548"]
[PlyCount "77"]
[EventDate "2020.02.03"]
[EventType "swiss"]
[EventRounds "9"]
[EventCountry "ESP"]
[SourceTitle "Ajedrez en Madrid"]
[Source "lmi"]
[SourceDate "2020.02.03"]
[SourceVersion "1"]
[SourceVersionDate "2020.02.27"]
[SourceQuality "1"]

1. d4 Nf6 2. c4 e6 3. g3 Bb4+ 4. Bd2 Qe7 5. Bg2 c6 6. e4 Bxd2+ 7. Qxd2 d6 8. e5
dxe5 9. dxe5 Nfd7 10. Nf3 O-O 11. O-O Rd8 12. Qc3 b6 13. Nbd2 Bb7 14. Ne4 Na6
15. Rad1 c5 16. Nd6 Rab8 17. Nxb7 Rxb7 18. Nd2 Rc7 19. a3 Nab8 20. f4 Nc6 21.
Nf3 Nf8 22. Qc2 Rcd7 23. Qa4 Rxd1 24. Rxd1 Rxd1+ 25. Qxd1 Qd7 26. Qd6 Qxd6 27.
exd6 f6 28. g4 Nd7 29. g5 Kf7 30. gxf6 gxf6 31. Ng5+ fxg5 32. Bxc6 Nb8 33. Be4
gxf4 34. Bxh7 Ke8 35. Kf2 Kd7 36. Kf3 e5 37. h4 Kxd6 38. h5 Nd7 39. h6 1-0

[Event "Madrid 2019-2020 ch - Previa A"]
[Site "Madrid ESP"]
[Date "2020.02.12"]
[Round "6.27"]
[White "Lucia Carpintero, Oscar"]
[Black "Giron Herranz, Ivan"]
[Result "1/2-1/2"]
[WhiteElo "1655"]
[BlackElo "1341"]
[PlyCount "95"]
[EventDate "2020.02.03"]
[EventType "swiss"]
[EventRounds "9"]
[EventCountry "ESP"]
[SourceTitle "Ajedrez en Madrid"]
[Source "lmi"]
[SourceDate "2020.02.03"]
[SourceVersion "1"]
[SourceVersionDate "2020.02.27"]
[SourceQuality "1"]

1. d4 d5 2. Bf4 Nf6 3. e3 Bf5 4. c4 e6 5. Nc3 Bd6 6. Bxd6 Qxd6 7. cxd5 Nxd5 8.
Bd3 Nxc3 9. bxc3 Bxd3 10. Qxd3 Qa6 11. c4 Qa5+ 12. Ke2 Nc6 13. Nf3 O-O-O 14.
Rhb1 f6 15. Rb5 Qa4 16. Qb3 Qxb3 17. Rxb3 Na5 18. Rb4 Kd7 19. Rab1 Kd6 20. c5+
Kc6 21. Rb5 b6 22. cxb6 axb6 23. R5b2 Rd5 24. Rc2+ Kb7 25. Rbc1 c6 26. Nd2 e5
27. dxe5 Rxe5 28. Nb3 Nxb3 29. axb3 c5 30. b4 Kc6 31. bxc5 Rxc5 32. e4 Re8 33.
Ke3 Ree5 34. f4 Rxc2 35. Rxc2+ Rc5 36. Rxc5+ Kxc5 37. g4 b5 38. h4 b4 39. g5 b3
40. Kd3 b2 41. Kc2 Kd4 42. gxf6 gxf6 43. e5 fxe5 44. fxe5 Kxe5 45. Kxb2 h5 46.
Kc2 Kf4 47. Kd2 Kg3 48. Ke2 1/2-1/2

[Event "Madrid 2019-2020 ch - Previa A"]
[Site "Madrid ESP"]
[Date "2020.02.12"]
[Round "6.28"]
[White "Cruz Gonzalez, Antonio"]
[Black "Ramos Antona, Enrique"]
[Result "1-0"]
[WhiteElo "1719"]
[BlackElo "1436"]
[PlyCount "81"]
[EventDate "2020.02.03"]
[EventType "swiss"]
[EventRounds "9"]
[EventCountry "ESP"]
[SourceTitle "Ajedrez en Madrid"]
[Source "lmi"]
[SourceDate "2020.02.03"]
[SourceVersion "1"]
[SourceVersionDate "2020.02.27"]
[SourceQuality "1"]

1. e4 d6 2. d4 Nf6 3. f3 g6 4. c4 Bg7 5. Nc3 O-O 6. Bg5 h6 7. Be3 c6 8. Qd2 Kh7
9. h4 e5 10. O-O-O Qa5 11. Kb1 Bd7 12. g4 Ng8 13. Bh3 b5 14. cxb5 cxb5 15. g5
Be6 16. d5 Bxh3 17. Nxh3 h5 18. a3 a6 19. Rc1 Nd7 20. Rh2 Rfc8 21. Qd1 Qd8 22.
Rhc2 Nc5 23. Na2 Nd7 24. Rc6 Rxc6 25. dxc6 Nc5 26. Bxc5 dxc5 27. Qxd8 Rxd8 28.
Rxc5 Ne7 29. Nb4 Rd1+ 30. Kc2 Rh1 31. c7 Nc8 32. Nxa6 Rxh3 33. Rxb5 Rxf3 34.
Rb8 Nd6 35. Rd8 Rf2+ 36. Kb3 Rf3+ 37. Kb4 Rf4 38. Rxd6 Bf8 39. c8=Q Rxe4+ 40.
Kc5 Be7 41. Qb7 1-0

[Event "Madrid 2019-2020 ch - Previa A"]
[Site "Madrid ESP"]
[Date "2020.02.12"]
[Round "6.29"]
[White "Jara Sanchez, Carlos"]
[Black "Menendez Domens, Juan Manuel"]
[Result "1-0"]
[WhiteElo "1652"]
[BlackElo "1445"]
[PlyCount "83"]
[EventDate "2020.02.03"]
[EventType "swiss"]
[EventRounds "9"]
[EventCountry "ESP"]
[SourceTitle "Ajedrez en Madrid"]
[Source "lmi"]
[SourceDate "2020.02.03"]
[SourceVersion "1"]
[SourceVersionDate "2020.02.27"]
[SourceQuality "1"]

1. e4 e6 2. Nf3 d5 3. d3 dxe4 4. dxe4 Qxd1+ 5. Kxd1 Nf6 6. e5 Nfd7 7. Bb5 a6 8.
Ba4 Nc6 9. Re1 b5 10. Bb3 Bb7 11. Bf4 O-O-O 12. Ke2 Bc5 13. c3 h6 14. Kf1 Nf8
15. Nbd2 g5 16. Bg3 g4 17. Ne4 gxf3 18. Nxc5 fxg2+ 19. Kxg2 Nxe5+ 20. Nxb7 Nd3
21. Nxd8 Nxe1+ 22. Rxe1 Kxd8 23. Rd1+ Kc8 24. a4 c6 25. Rd6 Kb7 26. Rd8 Rg8 27.
Kf3 h5 28. Bd6 bxa4 29. Bxa4 Rg4 30. Bxc6+ Kxc6 31. Bxf8 a5 32. Rd4 Rg5 33. Be7
Rb5 34. b4 Rf5+ 35. Rf4 Rxf4+ 36. Kxf4 a4 37. c4 Kd7 38. Bf6 Kd6 39. Be5+ Ke7
40. b5 f6 41. Bc3 a3 42. Bb4+ 1-0

[Event "Madrid 2019-2020 ch - Previa A"]
[Site "Madrid ESP"]
[Date "2020.02.12"]
[Round "6.30"]
[White "Loriente Del Real, Alberto"]
[Black "Martinez Carrasco, Jesus"]
[Result "1-0"]
[WhiteElo "1288"]
[BlackElo "1534"]
[PlyCount "35"]
[EventDate "2020.02.03"]
[EventType "swiss"]
[EventRounds "9"]
[EventCountry "ESP"]
[SourceTitle "Ajedrez en Madrid"]
[Source "lmi"]
[SourceDate "2020.02.03"]
[SourceVersion "1"]
[SourceVersionDate "2020.02.27"]
[SourceQuality "1"]

1. e4 c5 2. Nf3 d6 3. Nc3 Nf6 4. Bb5+ Nc6 5. O-O a6 6. Bxc6+ bxc6 7. d3 e5 8.
h3 Be7 9. Ne2 O-O 10. Ng3 Re8 11. Re1 g6 12. Bh6 Bf8 13. Bxf8 Rxf8 14. Qd2 Kg7
15. Rad1 Rh8 16. c3 h5 17. Qg5 Nh7 18. Nxh5+ 1-0

[Event "Madrid 2019-2020 ch - Previa A"]
[Site "Madrid ESP"]
[Date "2020.02.12"]
[Round "6.32"]
[White "Enriquez Pastor, Jorge"]
[Black "Suarez Mencia, Roberto"]
[Result "0-1"]
[WhiteElo "1513"]
[BlackElo "1387"]
[PlyCount "120"]
[EventDate "2020.02.03"]
[EventType "swiss"]
[EventRounds "9"]
[EventCountry "ESP"]
[SourceTitle "Ajedrez en Madrid"]
[Source "lmi"]
[SourceDate "2020.02.03"]
[SourceVersion "1"]
[SourceVersionDate "2020.02.27"]
[SourceQuality "1"]

1. e4 c5 2. c4 Nc6 3. Ne2 Nf6 4. Nbc3 e5 5. d3 Be7 6. Nd5 d6 7. Nec3 Nd4 8. Be2
a6 9. O-O O-O 10. Nxf6+ Bxf6 11. Nd5 b5 12. b3 b4 13. Bb2 Ne6 14. Bg4 Ng5 15.
Bxc8 Rxc8 16. f4 Ne6 17. fxe5 Bxe5 18. Bxe5 dxe5 19. Qh5 Rb8 20. Qxe5 Kh8 21.
Qh5 f6 22. Qh3 Nd4 23. Rad1 a5 24. Nf4 Qe8 25. Nd5 Qe5 26. Nf4 Qe8 27. Rd2 Ra8
28. Qh5 Qxh5 29. Nxh5 a4 30. Rb2 axb3 31. axb3 Ra3 32. Rfb1 Ne6 33. Kf2 g6 34.
Ng3 Rd8 35. Ke3 Kg7 36. Ne2 g5 37. g3 Kg6 38. Nc1 Rda8 39. Rf2 Ra1 40. Rfb2 Nd4
41. Ne2 Rxb1 42. Rxb1 Nc2+ 43. Kf3 Ra2 44. Nc1 Nd4+ 45. Ke3 Rxh2 46. Ra1 Nc2+
47. Kf3 Nxa1 48. d4 cxd4 49. c5 Rc2 50. Nd3 Nxb3 51. e5 Nxc5 52. Nxb4 Rc3+ 53.
Kg4 fxe5 54. Nd5 h5+ 55. Kh3 Rc2 56. Ne7+ Kf7 57. Nf5 d3 58. Nd6+ Ke6 59. Ne4
g4+ 60. Kh4 Rh2+ 0-1

[Event "Madrid 2019-2020 ch - Previa A"]
[Site "Madrid ESP"]
[Date "2020.02.12"]
[Round "6.33"]
[White "De Fuenmayor Fernandez de la, Carlos Pablo"]
[Black "Casal Martin, Jose M"]
[Result "1/2-1/2"]
[WhiteElo "1365"]
[BlackElo "1473"]
[PlyCount "154"]
[EventDate "2020.02.03"]
[EventType "swiss"]
[EventRounds "9"]
[EventCountry "ESP"]
[SourceTitle "Ajedrez en Madrid"]
[Source "lmi"]
[SourceDate "2020.02.03"]
[SourceVersion "1"]
[SourceVersionDate "2020.02.27"]
[SourceQuality "1"]

1. c4 Nf6 2. g3 g6 3. Bg2 Bg7 4. Nc3 c6 5. e4 d6 6. Nge2 O-O 7. O-O Nbd7 8. d4
e5 9. d5 cxd5 10. cxd5 a6 11. Be3 b5 12. b4 Ng4 13. Bd2 f5 14. Nc1 Nb6 15. f3
Nf6 16. a4 Bd7 17. axb5 axb5 18. Rxa8 Qxa8 19. Be3 Nc4 20. Bf2 fxe4 21. fxe4
Ng4 22. Nd3 Nge3 23. Bxe3 Nxe3 24. Rxf8+ Qxf8 25. Qa1 Qc8 26. Nf2 Nc2 27. Qb2
Nd4 28. Nb1 Qc2 29. Qxc2 Nxc2 30. Bf1 Nd4 31. Nc3 Kf8 32. Bh3 Bxh3 33. Nxh3 h6
34. Kf2 Ke7 35. Ng1 Kd7 36. Nge2 Nc2 37. Nxb5 Nxb4 38. g4 Bf6 39. h3 Nd3+ 40.
Kf3 g5 41. Ng3 Bg7 42. Nf5 Bf8 43. h4 gxh4 44. Nxh4 Nf4 45. Nf5 Ng6 46. Kg3 Nf4
47. Kh4 Be7+ 48. Nxe7 Kxe7 49. g5 hxg5+ 50. Kxg5 Nh3+ 51. Kf5 Nf4 52. Nc7 Ne2
53. Kg4 Nf4 54. Kf3 Nd3 55. Ke3 Nf4 56. Kd2 Kd7 57. Nb5 Ng6 58. Ke3 Nf4 59. Kf3
Ng6 60. Kg4 Nf4 61. Na3 Nd3 62. Nc4 Nc5 63. Kf5 Ke7 64. Nxe5 dxe5 65. Kxe5 Nd7+
66. Kf5 Kd6 67. Kf4 Ne5 68. Ke3 Ng6 69. Kd4 Ne5 70. Kc3 Kc5 71. Kb3 Kd4 72. Kb4
Nd7 73. Kb5 Nc5 74. d6 Nd7 75. Kc6 Ne5+ 76. Kc7 Kxe4 77. d7 Nxd7 1/2-1/2

[Event "Madrid 2019-2020 ch - Previa A"]
[Site "Madrid ESP"]
[Date "2020.02.17"]
[Round "7.1"]
[White "Panduru, Eugen"]
[Black "Moreno Uribarri, Miguel"]
[Result "0-1"]
[WhiteElo "1982"]
[BlackElo "1802"]
[PlyCount "80"]
[EventDate "2020.02.03"]
[EventType "swiss"]
[EventRounds "9"]
[EventCountry "ESP"]
[SourceTitle "Ajedrez en Madrid"]
[Source "lmi"]
[SourceDate "2020.02.03"]
[SourceVersion "1"]
[SourceVersionDate "2020.02.27"]
[SourceQuality "1"]

1. e4 c5 2. Nf3 d6 3. g3 Nf6 4. d3 g6 5. Bg2 Bg7 6. Nbd2 O-O 7. O-O Nc6 8. Re1
Nd7 9. Nc4 b5 10. Ne3 Rb8 11. Nh4 e6 12. f4 a5 13. c3 b4 14. Bd2 Ba6 15. Qc2
Qc7 16. f5 Nce5 17. c4 a4 18. Rf1 b3 19. axb3 axb3 20. Qb1 Ra8 21. Ba5 Qb8 22.
Bh3 exf5 23. exf5 Nf6 24. g4 g5 25. Nf3 Nxf3+ 26. Rxf3 Bb7 27. Rf2 Re8 28. Nf1
Nd7 29. Bc3 Bxc3 30. bxc3 Ne5 31. Rxa8 Qxa8 32. Nd2 Nf3+ 33. Nxf3 Bxf3 34. f6
Rb8 35. Rb2 Qa4 36. Bg2 Bxg2 37. Kxg2 d5 38. Qe1 Re8 39. Re2 Rxe2+ 40. Qxe2 Qa2
0-1

[Event "Madrid 2019-2020 ch - Previa A"]
[Site "Madrid ESP"]
[Date "2020.02.17"]
[Round "7.3"]
[White "Yeves Miquel, Enrique"]
[Black "Vazquez Gonzalez, Jesus"]
[Result "1/2-1/2"]
[WhiteElo "1777"]
[BlackElo "1983"]
[PlyCount "75"]
[EventDate "2020.02.03"]
[EventType "swiss"]
[EventRounds "9"]
[EventCountry "ESP"]
[SourceTitle "Ajedrez en Madrid"]
[Source "lmi"]
[SourceDate "2020.02.03"]
[SourceVersion "1"]
[SourceVersionDate "2020.02.27"]
[SourceQuality "1"]

1. c4 d6 2. Nc3 f5 3. g3 e5 4. d3 Nf6 5. Bg2 Be7 6. e4 O-O 7. Nge2 c6 8. exf5
Bxf5 9. d4 e4 10. d5 Qe8 11. O-O Nbd7 12. dxc6 bxc6 13. Nd4 Bg4 14. Qc2 Ne5 15.
Nxe4 c5 16. Nxf6+ Rxf6 17. f3 cxd4 18. fxg4 Rxf1+ 19. Kxf1 Rc8 20. Bd5+ Kh8 21.
Bf4 d3 22. Qc3 Qg6 23. Kg2 Nxc4 24. Bxc4 Qe4+ 25. Kg1 Rxc4 26. Re1 Qc6 27. Qxd3
Rc2 28. Re2 Rxe2 29. Qxe2 Bf6 30. b3 g5 31. Be3 a5 32. Qd2 Qe4 33. Qf2 Kg7 34.
h3 d5 35. h4 gxh4 36. g5 Be5 37. gxh4 Qg4+ 38. Kf1 1/2-1/2

[Event "Madrid 2019-2020 ch - Previa A"]
[Site "Madrid ESP"]
[Date "2020.02.17"]
[Round "7.4"]
[White "Hernandez Recio, Roberto"]
[Black "Rodriguez Diaz, Alberto Jose"]
[Result "0-1"]
[WhiteElo "1845"]
[BlackElo "1910"]
[PlyCount "120"]
[EventDate "2020.02.03"]
[EventType "swiss"]
[EventRounds "9"]
[EventCountry "ESP"]
[SourceTitle "Ajedrez en Madrid"]
[Source "lmi"]
[SourceDate "2020.02.03"]
[SourceVersion "1"]
[SourceVersionDate "2020.02.27"]
[SourceQuality "1"]

1. d4 f5 2. Bg5 g6 3. Nc3 Nf6 4. Bxf6 exf6 5. e3 Nc6 6. Bd3 b6 7. Bxf5 Bb7 8.
Be4 Bb4 9. Nge2 Qe7 10. Bf3 O-O-O 11. a3 Bxc3+ 12. Nxc3 Kb8 13. Qd3 Na5 14.
Bxb7 Kxb7 15. O-O-O Nc6 16. Nd5 Qe6 17. e4 f5 18. f3 fxe4 19. fxe4 Rhf8 20.
Rhf1 Qg4 21. Ne3 Qh4 22. h3 d6 23. Kb1 Rde8 24. Rxf8 Rxf8 25. Nd5 Qf2 26. Qd2
Qxd2 27. Rxd2 Rf1+ 28. Ka2 Re1 29. Nc3 Kc8 30. Ne2 Rf1 31. Ng3 Re1 32. c3 Re3
33. Nf1 Rxe4 34. Rf2 Kd7 35. Nd2 Re7 36. Kb3 Nd8 37. Kc2 Rf7 38. Rxf7+ Nxf7 39.
Kd3 Ke6 40. c4 c6 41. b4 Ng5 42. Ne4 Nxe4 43. Kxe4 b5 44. cxb5 cxb5 45. d5+ Kf6
46. h4 g5 47. h5 g4 48. Kf4 g3 49. Kxg3 Kg5 50. Kf3 Kxh5 51. Kf4 Kg6 52. g4 h6
53. Kf3 Kg5 54. Kg3 h5 55. gxh5 Kxh5 56. Kf4 Kg6 57. Kg4 Kf6 58. Kf4 a6 59. Ke4
Kg5 60. Ke3 Kf5 0-1

[Event "Madrid 2019-2020 ch - Previa A"]
[Site "Madrid ESP"]
[Date "2020.02.17"]
[Round "7.5"]
[White "Fernandez Garcia, Ignacio"]
[Black "Cardena Contreras, Javier"]
[Result "1/2-1/2"]
[WhiteElo "1755"]
[BlackElo "1887"]
[PlyCount "177"]
[EventDate "2020.02.03"]
[EventType "swiss"]
[EventRounds "9"]
[EventCountry "ESP"]
[SourceTitle "Ajedrez en Madrid"]
[Source "lmi"]
[SourceDate "2020.02.03"]
[SourceVersion "1"]
[SourceVersionDate "2020.02.27"]
[SourceQuality "1"]

1. e4 c5 2. Nf3 Nc6 3. d4 cxd4 4. Nxd4 Nf6 5. Nc3 e5 6. Nf3 Bb4 7. Qd3 d5 8.
Bd2 Bxc3 9. Bxc3 Nxe4 10. Nxe5 Qf6 11. Nf3 Nxc3 12. Qxc3 d4 13. Qd2 O-O 14.
O-O-O Bg4 15. Bd3 Rac8 16. h3 Bxf3 17. gxf3 Ne5 18. Be4 Rfd8 19. Kb1 Nc4 20.
Qd3 g6 21. h4 Ne5 22. Qb3 a5 23. h5 a4 24. Qb5 a3 25. hxg6 hxg6 26. Rh3 d3 27.
cxd3 axb2 28. Qxb2 Nd7 29. Rdh1 Qxb2+ 30. Kxb2 Nc5 31. Rh8+ Kg7 32. Rxd8 Rxd8
33. Rc1 b6 34. Rxc5 bxc5 35. Kc3 f5 36. Bc6 Kf6 37. a4 Ke5 38. a5 Kd6 39. Bb7
Kc7 40. a6 Rd4 41. Ba8 Kb6 42. Bb7 Ra4 43. Kb3 Rh4 44. Kc3 Rh2 45. d4 cxd4+ 46.
Kxd4 Rxf2 47. Ke5 Rg2 48. Kf6 f4 49. Ke5 g5 50. Kf5 Rg3 51. Ke5 Rg1 52. Kf5 Ka7
53. Ke4 Ra1 54. Kf5 Ra5+ 55. Kg4 Kb6 56. Bc8 Kc7 57. Bf5 Kd6 58. Kxg5 Ke5 59.
Bc8 Ra1 60. Kg6 Rg1+ 61. Kf7 Kd4 62. Bb7 Ra1 63. Ke6 Kc5 64. Ke5 Ra4 65. Be4
Rxa6 66. Kxf4 Kd4 67. Kg4 Rf6 68. Kg5 Rf8 69. Kg4 Ke5 70. Kg3 Rg8+ 71. Kf2 Kf4
72. Ke2 Rb8 73. Kd3 Rb3+ 74. Kd4 Ra3 75. Kc4 Ke3 76. Kd5 Ra5+ 77. Kc4 Rg5 78.
Kc3 Rc5+ 79. Kb4 Rc7 80. Kb5 Kd4 81. Kb6 Rc3 82. Kb5 Rc1 83. Kb4 Rc3 84. Kb5
Rc8 85. Kb6 Ke5 86. Kb7 Rc3 87. Kb6 Kd4 88. Kb5 Rc5+ 89. Kb4 1/2-1/2

[Event "Madrid 2019-2020 ch - Previa A"]
[Site "Madrid ESP"]
[Date "2020.02.17"]
[Round "7.6"]
[White "Garcia Prados, David"]
[Black "Camarero Izquierdo, Juan Carlos"]
[Result "1-0"]
[WhiteElo "1872"]
[BlackElo "1828"]
[PlyCount "91"]
[EventDate "2020.02.03"]
[EventType "swiss"]
[EventRounds "9"]
[EventCountry "ESP"]
[SourceTitle "Ajedrez en Madrid"]
[Source "lmi"]
[SourceDate "2020.02.03"]
[SourceVersion "1"]
[SourceVersionDate "2020.02.27"]
[SourceQuality "1"]

1. e4 c5 2. Nf3 d6 3. d4 cxd4 4. Nxd4 Nf6 5. Nc3 a6 6. h3 e6 7. g4 Be7 8. Bg2
O-O 9. Be3 Nc6 10. f4 Nd7 11. O-O Nxd4 12. Bxd4 e5 13. Be3 exf4 14. Bxf4 Ne5
15. Nd5 Bg5 16. Bxg5 Qxg5 17. Nc7 Nxg4 18. Nxa8 Ne3 19. Qf3 Nxf1 20. Rxf1 Bxh3
21. Qxh3 Rxa8 22. Qf5 Qe7 23. c4 Re8 24. Qd5 Qc7 25. Rd1 h6 26. b3 Qb6+ 27. Qd4
Qa5 28. Rd2 Re6 29. Qf2 Qg5 30. Rd3 Rxe4 31. Rxd6 Rg4 32. Rd5 Qc1+ 33. Kh2 Rf4
34. Qd2 Rh4+ 35. Kg3 Qxd2 36. Rxd2 g5 37. Bxb7 f5 38. c5 f4+ 39. Kf3 Rh3+ 40.
Ke4 a5 41. Bd5+ Kf8 42. c6 Re3+ 43. Kf5 Ke7 44. Bc4 Kf8 45. c7 Re8 46. Rd8 1-0